Castle on the Hill- Ed Sheeran lyrics quiz - Statistics

General Stats
  • This quiz has been taken 213 times
  • The average score is 293 of 346
Answer Stats
Lyrics % Correct
a
100%
I
100%
i
100%
and
99%
And
99%
my
99%
on
99%
the
99%
castle
97%
hill
97%
me
97%
old
97%
was
97%
When
97%
when
97%
you
97%
brother
95%
friend
95%
friends
95%
his
94%
we
94%
We
94%
years
94%
six
93%
to
93%
broke
92%
it
92%
leg
92%
over
92%
I'm
91%
running
91%
way
91%
country
90%
from
90%
back
88%
go
88%
make
88%
driving
87%
feel
87%
home
87%
then
87%
down
86%
take
85%
miss
84%
wait
84%
younger
84%
can't
83%
but
81%
lanes
81%
not
81%
did
80%
know
80%
ninety
80%
so
80%
these
80%
in
79%
it's
78%
One
78%
one
78%
sunset
77%
dancer
76%
Dancer
76%
Found
76%
found
76%
heart
76%
of
76%
people
76%
real
76%
mountain
75%
sweet
75%
them
75%
tiny
75%
Tiny
75%
watched
75%
by
74%
lost
74%
second
74%
at
73%
had
73%
night
73%
rolled
73%
two
73%
getting
72%
kiss
72%
singing
72%
wife
72%
first
71%
kids
71%
one's
71%
overdosed
71%
perfume
71%
those
71%
with
71%
already
70%
lives
70%
long
70%
made
70%
through
70%
alone
69%
drunk
69%
Friday
69%
grass
69%
I've
69%
raised
69%
sell
67%
smoking
67%
cigarettes
66%
coast
66%
just
66%
left
66%
don't
65%
grown
65%
tasted
65%
seen
64%
right
63%
barely
62%
clothes
62%
have
62%
hand
61%
drink
59%
Fifteen
59%
fields
58%
that
58%
cheap
57%
remember
57%
oh
55%
reckon
55%
works
55%
answers
54%
still
54%
straight
54%
here
53%
buy
52%
how
52%
spirits
52%
we've
52%
up
51%
law
50%
got
49%
jobs
48%
thrown
45%
paid
43%
we'd
43%
weekend
43%
backfields
41%
roaring
36%
No matching quizzes found
Score Distribution
Percent of People with Each Score
Percentile by Number Answered
Your Score History
You have not taken this quiz